000 00519nam a2200193 i 4500
001 bgj
245 1 0 _aDie deutsche Literatur der Gegenwart :
_bApekte und Tendenzen /
_chrsg. von Manfred Durzak.
260 _aStuttgart :
_bPhilipp Reclam jun.
300 _aS. 399-414 ;
_c22 cm.
505 _aSonderdruck
650 9 _aLiteratura niemiecka
700 1 _aDURZAK, Manfred.
040 _cBPK
041 0 _ager
044 _aDEU
080 _a821.112.2
942 _cKS
008 s gw f |000 0 ger
999 _c49930
_d49930
856 _uhttp://koha.tu.koszalin.pl/cgi-bin/koha/opac-detail.pl?biblionumber=49930
_yKatalog online BPK